| 000 | 00984nam a2200313Ia 4500 | ||
|---|---|---|---|
| 001 | Z_5097 | ||
| 003 | CHAP | ||
| 008 | 220113s2003 xx 000 0 und d | ||
| 010 | _a168154 | ||
| 040 | _cCHAP | ||
| 090 | _aTesis M 1799 | ||
| 100 |
_aMoreno Carrillo, Miguel Angel _978576 |
||
| 245 |
_aEfecto de la fithormona esteroidal cidef-4 en el rendimiento y calidad de semilla de pasto guinea (Panicum maximum Jacq) C.V. Tanzania / _cpor Miguel Angel Moreno Carrillo |
||
| 260 |
_aChapingo, Méx. : _bEl autor, _c2003 |
||
| 300 | _a58 h. | ||
| 502 | _aTesis (Ing. Agr. Esp. en Zootecnia) -- UACH. Departamento de Zootecnia | ||
| 650 |
_aEsteroides _938294 |
||
| 650 | _aHormonas vegetales | ||
| 650 |
_aPanicum maximum _985105 |
||
| 650 |
_aPastos _xSemilla _986077 |
||
| 650 |
_aSemillas _xCalidad _9103881 |
||
| 650 |
_aSemillas _xRendimiento _9103930 |
||
| 901 | _aTESIS M 1799 | ||
| 902 | _aM | ||
| 910 | _a2003 | ||
| 942 | _c2 | ||
| 942 | _c2 | ||
| 999 |
_c168154 _d168154 |
||